1804 1292 1017 1747 1544 1949 1211 1981 1683 1781 1440 1210 1868 1382 1227 1717 1618 1182 1876 1544 1167 1453 1743 1504 1116 1634 1384 1601 1099 1932 1486 1356 1657 1740 1469 1953 1776 1014 1840 1944 1804 1512 1421 1441 1095 1847 1020 1685 1743 1210 1708 1849 1568 1001 1381 1362 1523 1373 1987 1465 1185 1664 1515 1883 1774 1469 1255 1966 1180 1230 1913 1747 1467 1381 1934 1537 1158 1324 1550 1931 1300 1806 1718 1379 1738 1460 1203 1086 1326 1124 1314 1378 1862 1145 1910 1736 1477 1766 1312 BCNSPRNW ULIB Ver.6.0+V

เปลี่ยนเป็นภาษาไทย

Change to English
 แสดงรายละเอียดบรรณานุกรม
  กลับหน้าหลัก

Brief Record : Get Marc (ISO 2709) : E-mail record : QR code < ปิดหน้าต่าง
LEADER : 00000nam 2200000uu 4500
001    13399127160
003     ULIB
008    191018s2562||||th 000 0 tha d
020 ^  ^a9786168142363
050  0 ^aนว.^bป534ร
100 0  ^aปัณภัส.
245 1  ^aรัก (กรรณ) วันละนิด /^cปัณภัส.
260 ^  ^aกรุงเทพฯ :^bทัช,^c2562.
300 ^  ^a272 หน้า ;^c21 ซม.
945    ^p230^l0^i006347
999    ^aประนอม เกษจรัล
รายการนี้ยังไม่มีแท็ก
คุณยังไม่ได้ล็อกอิน คุณสามารถมีกิจกรรมร่วมกับเว็บไซต์ได้ แต่ต้องล็อกอินก่อน ::
  ล็อกอิน

รายการสื่อสารสนเทศ

ลำดับที่ ประเภท เลขเรียก/บาร์โค้ด สถานที่ สถานะ
1. นวนิยาย
นวนิยาย
นว. ป534ร ฉ.1 
  Barcode: 006347
ห้องสมุดวิทยาเขตนครสวรรค์
►นวนิยาย:l:Fiction
บนชั้น

รายการใกล้เคียง
    ผู้แต่ง [ปัณภัส.]

BibComment


ยังไม่เคยถูกคอมเมนท์

คอมเมนท์ทรัพยากรรายการนี้
  คอมเมนท์: รัก กรรณ วันละนิ..


 Copyright 2026. Bcnsprnw @Library